[Event "?"]
[Site "gics rated standard game, gic"]
[Date "1997.??.??"]
[Round "?"]
[White "Brause"]
[Black "Wildsau"]
[Result "1-0"]
[WhiteElo "2110"]
[BlackElo "2135"]
[PlyCount "93"]

1. e4 e5 2. Nf3 Nc6 3. Nc3 Nf6 4. Nxe5 Nxe5 5. d4 Ng6 6. e5 Ng8 7. Bc4 d6 8.
Qf3 Qd7 9. O-O dxe5 10. dxe5 Nxe5 11. Re1 Bd6 12. Bf4 f6 13. Bb5 c6 14. Rad1
Qe6 15. Qg3 g5 16. Bxe5 Bxe5 17. f4 cxb5 18. fxe5 Kf7 19. exf6 Qb6+ 20. Re3 h6
21. Qe5 Bg4 22. Rd6 Qc7 23. Qd5+ Kf8 24. Nxb5 Qh7 25. Rd8+ Rxd8 26. Qxd8+ Kf7
27. Nd6+ Kg6 28. f7 Nf6 29. f8=N+ Rxf8 30. Qxf8 Qg8 31. Qxg8+ Nxg8 32. Nxb7 Kh5
33. Ra3 Ne7 34. Rxa7 Nc8 35. Ra6 Be2 36. Rf6 Na7 37. Kf2 Bd1 38. Nd6 Bxc2 39.
Nf7 Nb5 40. Rxh6+ Kg4 41. Rf6 Bf5 42. g3 Bg6 43. Ne5+ Kh5 44. Rxg6 g4 45. h3
gxh3 46. g4+ Kh4 47. Nf3# 1-0

[Event "?"]
[Site "gics rated lightning game, gi"]
[Date "1997.??.??"]
[Round "?"]
[White "Brause"]
[Black "Wildsau"]
[Result "1-0"]
[WhiteElo "2300"]
[BlackElo "2355"]
[PlyCount "75"]

1. e4 e5 2. Nf3 Nc6 3. Nc3 Nf6 4. Nxe5 Nxe5 5. d4 Ng6 6. e5 Ng8 7. Bc4 d6 8.
Qf3 Qd7 9. O-O dxe5 10. dxe5 Nxe5 11. Re1 f6 12. Rxe5+ fxe5 13. Qh5+ Kd8 14.
Bxg8 Qf5 15. Bg5+ Be7 16. Bxe7+ Kxe7 17. Qh4+ Ke8 18. Nd5 Qd7 19. Re1 Qd6 20.
Qh5+ g6 21. Rxe5+ Kf8 22. Qh6+ Kxg8 23. Re8+ Kf7 24. Rxh8 Qxd5 25. Qxh7+ Kf6
26. Rf8+ Ke5 27. Qxc7+ Qd6 28. f4+ Kd5 29. c4+ Kd4 30. Qxd6+ Kxc4 31. Re8 Be6
32. Qxe6+ Kc5 33. Qe5+ Kc4 34. Qc7+ Kd4 35. Qd7+ Kc5 36. Re5+ Kc4 37. Qb5+ Kd4
38. Qd5# 1-0

[Event "?"]
[Site "gics rated blitz game, gics, "]
[Date "1997.??.??"]
[Round "?"]
[White "Brause"]
[Black "struppi"]
[Result "1-0"]
[WhiteElo "2355"]
[BlackElo "2205"]
[PlyCount "31"]

1. e4 e5 2. Nf3 Nc6 3. Nc3 Nf6 4. Nxe5 Nxe5 5. d4 Ng6 6. e5 Ng8 7. Bc4 d6 8.
Qf3 f6 9. O-O dxe5 10. dxe5 Nxe5 11. Qe4 Ne7 12. Rd1 Bd7 13. Be6 Qc8 14. Bxd7+
Nxd7 15. Re1 c6 16. Bf4 1-0

[Event "?"]
[Site "gics rated blitz game, gics, "]
[Date "1997.??.??"]
[Round "?"]
[White "Brause"]
[Black "Wildsau"]
[Result "1-0"]
[WhiteElo "2310"]
[BlackElo "2485"]
[PlyCount "107"]

1. e4 e5 2. Nf3 Nc6 3. Nc3 Nf6 4. Nxe5 Nxe5 5. d4 Nc6 6. d5 Ne5 7. f4 Ng6 8. e5
Ng8 9. d6 cxd6 10. exd6 Qh4+ 11. g3 Qf6 12. Nb5 Kd8 13. Be3 Nh6 14. Nc7 b6 15.
Qe2 Bb7 16. Bxb6 Bxd6 17. Ne8+ axb6 18. Nxf6 Bxh1 19. O-O-O Nxf4 20. gxf4 Bxf4+
21. Kb1 gxf6 22. Bh3 Bc6 23. Qc4 Bd2 24. Qd4 Rg8 25. Bxd7 Bxd7 26. Qxd2 Ra7 27.
Qxh6 Ke7 28. Qf4 Rd8 29. Qb4+ Ke8 30. Rg1 Bg4 31. Qxg4 Rad7 32. Qg8+ Ke7 33.
Re1+ Kd6 34. Qxh7 Kc7 35. Kc1 Kb8 36. Qg7 Rd6 37. Qxf7 R8d7 38. Qg6 Ka7 39. h4
Kb7 40. c3 Rc6 41. h5 Rc5 42. h6 Rcc7 43. Qe4+ Kb8 44. Rg1 Rd8 45. h7 f5 46.
Qxf5 Re7 47. Rg8 Ree8 48. h8=Q Re1+ 49. Kc2 Re2+ 50. Kb3 Rxb2+ 51. Kxb2 Rxg8
52. Qxg8+ Ka7 53. Qd7+ Ka6 54. Qa8# 1-0

[Event "?"]
[Site "gics rated blitz game, gics, "]
[Date "1997.??.??"]
[Round "?"]
[White "Brause"]
[Black "Wildsau"]
[Result "1-0"]
[WhiteElo "2300"]
[BlackElo "2425"]
[PlyCount "171"]

1. e4 e5 2. Nf3 Nf6 3. Nc3 Nc6 4. Nxe5 Nxe5 5. d4 Nc6 6. d5 Ne5 7. f4 Ng6 8. e5
Ng8 9. d6 cxd6 10. exd6 Qh4+ 11. g3 Qf6 12. Nb5 Kd8 13. Be3 Qxb2 14. Bd4 Qb4+
15. c3 Qa5 16. f5 a6 17. Nc7 Rb8 18. fxg6 hxg6 19. Nd5 b6 20. Qf3 f5 21. Bg2
Bb7 22. Qd3 Bc6 23. O-O Bxd6 24. Bxg7 Rh7 25. Ne3 Bc5 26. Bd4 Bxg2 27. Nxg2 Rc8
28. Nf4 Ne7 29. Rfe1 Bxd4+ 30. Qxd4 Rxc3 31. Rad1 Nc6 32. Qf6+ Kc8 33. Qxg6
Qc5+ 34. Kh1 Re7 35. Rxe7 Qxe7 36. Qxf5 Re3 37. Nd5 Re1+ 38. Rxe1 Qxe1+ 39. Kg2
Qd2+ 40. Kh3 Qh6+ 41. Kg4 Qg7+ 42. Kh4 Qh8+ 43. Qh5 Qd4+ 44. Kh3 Ne5 45. Nxb6+
Kb7 46. Na4 Qxa4 47. Qxe5 Qxa2 48. g4 a5 49. g5 Kc6 50. g6 a4 51. Qe4+ Kc5 52.
Qf5+ Kc6 53. g7 Qg8 54. Qf8 Qe6+ 55. Kg3 Qe5+ 56. Kg4 Qe4+ 57. Qf4 Qg2+ 58. Qg3
Qa2 59. Qf3+ Kb6 60. Kg5 Qg8 61. Kg6 Qc4 62. h4 a3 63. Qf6+ Kc7 64. Kh7 Qc2+
65. Kh8 Qb2 66. Qf4+ Kc6 67. Qc4+ Kb7 68. Qe4+ d5 69. Qxd5+ Kc7 70. Kh7 Qc2+
71. Kh6 Qf2 72. g8=Q Qxh4+ 73. Kg7 Qg4+ 74. Kh8 Qh4+ 75. Qh7+ Qxh7+ 76. Kxh7
Kb6 77. Qd6+ Kb5 78. Qxa3 Kc4 79. Qa4+ Kd5 80. Qb4 Ke6 81. Kg6 Kd5 82. Kf5 Kc6
83. Ke6 Kc7 84. Qb5 Kc8 85. Kd6 Kd8 86. Qd7# 1-0

[Event "?"]
[Site "gics rated blitz game, gics, "]
[Date "1997.??.??"]
[Round "?"]
[White "Brause"]
[Black "Lichtzahn"]
[Result "1-0"]
[WhiteElo "2315"]
[BlackElo "2555"]
[PlyCount "121"]

1. e4 e5 2. Nf3 Nc6 3. Nc3 Nf6 4. Nxe5 Nxe5 5. d4 Ng6 6. e5 Ng8 7. Bc4 c6 8.
Qf3 d5 9. exd6 Be6 10. Bxe6 fxe6 11. Ne4 Qa5+ 12. Bd2 Qd5 13. h4 Bxd6 14. c4
Qxd4 15. Bc3 Bb4 16. Bxb4 O-O-O 17. Bc3 Ne5 18. Bxd4 Nxf3+ 19. gxf3 Rxd4 20. c5
Nf6 21. Rd1 Rxd1+ 22. Kxd1 Rd8+ 23. Nd6+ Kc7 24. Kc2 Rf8 25. Rh3 b6 26. h5 bxc5
27. Nc4 Rd8 28. Ne3 Rd4 29. b3 a5 30. a4 h6 31. Rh2 Rf4 32. Rh3 e5 33. Kc1 Kb6
34. Nc4+ Ka6 35. Nxe5 Rf5 36. Nxc6 Kb6 37. Ne7 Re5 38. Ng6 Rxh5 39. Rxh5 Nxh5
40. Kd2 Nf6 41. Ke3 Kc7 42. Ne5 Ne8 43. Ke4 Nd6+ 44. Kd5 Nb7 45. Ng6 h5 46. f4
Kd8 47. Kc6 Kc8 48. Ne7+ Kb8 49. Nf5 Ka8 50. Kc7 g6 51. Nh4 Ka7 52. Nxg6 c4 53.
bxc4 Nc5 54. f5 Ne4 55. Kd7 Kb6 56. Ke7 Kc5 57. f6 Nd6 58. f4 Nf5+ 59. Ke6 Nd6
60. f7 Nxf7 61. Kxf7 1-0

[Event "?"]
[Site "gics rated blitz game, gics, "]
[Date "1997.??.??"]
[Round "?"]
[White "Brause"]
[Black "Lichtzahn"]
[Result "0-1"]
[WhiteElo "2325"]
[BlackElo "2540"]
[PlyCount "93"]

1. e4 e5 2. Nf3 Nc6 3. Nc3 Nf6 4. Nxe5 Nxe5 5. d4 Ng6 6. e5 Ng8 7. Bc4 c6 8.
Qf3 d5 9. exd6 Be6 10. Bxe6 fxe6 11. Ne4 Qa5+ 12. Bd2 Qf5 13. h4 h5 14. O-O-O
O-O-O 15. Ng5 Qxf3 16. gxf3 Rxd6 17. Rdg1 Rd7 18. Nxe6 N8e7 19. Rg3 Rg8 20. f4
Nh8 21. Be3 Nf5 22. Rg5 g6 23. Nxf8 Rxf8 24. c3 Re7 25. Rh3 Rfe8 26. Rg2 Kc7
27. Kd2 Re6 28. Ke2 Nf7 29. Kd3 R8e7 30. c4 Rd7 31. Kc3 N7h6 32. c5 Ng4 33. Kd3
Rde7 34. Kd2 Ngxe3 35. fxe3 Nxe3 36. Rg5 Nf5 37. Kc3 Rd7 38. b4 Nxd4 39. a3
Ne2+ 40. Kc2 Nxf4 41. Rf3 Re2+ 42. Kc3 Re4 43. Kc2 Rg7 44. Rfg3 Re2+ 45. Kb3
Rh2 46. Re5 Rxh4 47. Ree3 0-1

[Event "?"]
[Site "gics rated blitz game, gics, "]
[Date "1997.??.??"]
[Round "?"]
[White "Brause"]
[Black "Lichtzahn"]
[Result "0-1"]
[WhiteElo "2325"]
[BlackElo "2545"]
[PlyCount "64"]

1. e4 e5 2. Nf3 Nc6 3. Nc3 Nf6 4. Nxe5 Nxe5 5. d4 Ng6 6. e5 Ng8 7. Bc4 c6 8.
Qf3 d5 9. exd6 Be6 10. Bxe6 fxe6 11. Ne4 Qa5+ 12. Bd2 Qf5 13. Qxf5 exf5 14. Nc5
O-O-O 15. d7+ Kb8 16. Bg5 Nf6 17. O-O-O Bxc5 18. dxc5 Kc7 19. Rd6 Rhf8 20. Rhd1
Rf7 21. R1d4 Rfxd7 22. Rxd7+ Rxd7 23. Rxd7+ Kxd7 24. Be3 Ng4 25. Bd4 Nf4 26.
Kb1 Nxg2 27. Bxg7 Nxh2 28. Be5 Ng4 29. Bd4 Ne1 30. f4 Ng2 31. b4 Nxf4 32. a4
Ne6 0-1

[Event "?"]
[Site "gics rated blitz game, gics, "]
[Date "1997.??.??"]
[Round "?"]
[White "Brause"]
[Black "Lichtzahn"]
[Result "0-1"]
[WhiteElo "2320"]
[BlackElo "2550"]
[PlyCount "140"]

1. e4 e5 2. Nf3 Nc6 3. Nc3 Nf6 4. Nxe5 Nxe5 5. d4 Ng6 6. e5 Ng8 7. Bc4 c6 8.
Qf3 d5 9. exd6 Be6 10. Bxe6 fxe6 11. Ne4 Qa5+ 12. Bd2 Qf5 13. Qe3 O-O-O 14. O-O
Bxd6 15. Nxd6+ Rxd6 16. Rac1 Qg4 17. f4 Nf6 18. Rce1 Rhd8 19. Ba5 b6 20. h3 Qf5
21. Bc3 Qxc2 22. Re2 Nd5 23. Qf3 Qa4 24. Qg4 Ngxf4 25. Rxf4 Nxf4 26. Qxf4 Qxa2
27. Qf7 R6d7 28. Qxe6 Qxe6 29. Rxe6 Kc7 30. Kf2 a6 31. Ke3 Rf7 32. Ke4 Rd5 33.
Re5 Rd6 34. d5 h6 35. dxc6 Kxc6 36. Re8 Rf2 37. Rc8+ Kb7 38. Rg8 g5 39. Ke5 Kc7
40. g3 Re2+ 41. Kf5 Kc6 42. Rh8 Rd5+ 43. Kg6 Re3 44. Bf6 Rxg3 45. Rxh6 Rg2 46.
Rh8 Rd6 47. Kg7 Rf2 48. Rf8 a5 49. Rc8+ Kd5 50. Rf8 Rc6 51. Rf7 b5 52. Bd8 Rxb2
53. Bxa5 Re2 54. Rf6 Rc5 55. Bb4 Rc4 56. Bf8 Re5 57. Rb6 Ke4 58. Kg6 Rc7 59.
Rf6 Rc8 60. Bd6 Rd5 61. Re6+ Kf3 62. Kf6 Rh8 63. Ke7 Rxh3 64. Kd7 g4 65. Rf6+
Kg2 66. Kc6 Rdh5 67. Rf4 Rc3+ 68. Kd7 g3 69. Re4 Rd3 70. Kc7 Rh7+ 0-1

[Event "?"]
[Site "gics rated blitz game, gics, "]
[Date "1997.??.??"]
[Round "?"]
[White "Brause"]
[Black "Josep"]
[Result "1-0"]
[WhiteElo "2320"]
[BlackElo "2760"]
[PlyCount "25"]

1. e4 e5 2. Nf3 Nc6 3. Nc3 Nf6 4. Nxe5 Nxe5 5. d4 Nc6 6. d5 Ne5 7. f4 Neg4 8.
e5 Qe7 9. Qe2 d6 10. exf6 Qxe2+ 11. Bxe2 Nxf6 12. O-O Be7 13. Bb5+ 1-0

[Event "?"]
[Site "gics rated blitz game, gics, "]
[Date "1997.??.??"]
[Round "?"]
[White "Brause"]
[Black "pie"]
[Result "1-0"]
[WhiteElo "2315"]
[BlackElo "2170"]
[PlyCount "47"]

1. e4 e5 2. Nf3 Nc6 3. Nc3 Nf6 4. Nxe5 Nxe5 5. d4 Ng6 6. e5 Ng8 7. Bc4 c6 8.
Qf3 Qe7 9. O-O Nh4 10. Qh5 g6 11. Qd1 Bg7 12. Bf4 g5 13. Bd2 Nh6 14. Ne4 N4f5
15. Bxg5 Qb4 16. b3 O-O 17. Qh5 d5 18. exd6 Nxd6 19. a3 Qxc4 20. bxc4 Nxe4 21.
Bxh6 Bxh6 22. Qxh6 Be6 23. Rfe1 Nd6 24. Qg5+ 1-0

[Event "?"]
[Site "gics rated blitz game, gics, "]
[Date "1997.??.??"]
[Round "?"]
[White "Brause"]
[Black "Lichtzahn"]
[Result "0-1"]
[WhiteElo "2320"]
[BlackElo "2555"]
[PlyCount "166"]

1. e4 e5 2. Nf3 Nc6 3. Nc3 Nf6 4. Nxe5 Nxe5 5. d4 Ng6 6. e5 Ng8 7. Bc4 c6 8.
Qf3 d5 9. exd6 Be6 10. Bxe6 fxe6 11. Ne4 Qa5+ 12. Bd2 Qf5 13. h4 h5 14. c4 Qxf3
15. gxf3 Nh6 16. Bxh6 Rxh6 17. c5 Nf4 18. O-O-O O-O-O 19. Kc2 Kd7 20. Rde1 Re8
21. Re3 Rb8 22. Ra3 Ra8 23. Rb3 b6 24. Re3 Rg6 25. Ng3 Rf6 26. Rg1 Rf7 27. Kc1
g6 28. Ra3 Bh6 29. Kc2 Bg7 30. cxb6 a6 31. b7 Rb8 32. Ne4 Bxd4 33. Ra4 e5 34.
Rxa6 Rxb7 35. b3 Rb8 36. Kb1 Rf5 37. Rg3 Rg8 38. Kc2 Ne2 39. Rg5 Rxf3 40. Rxe5
Bxe5 41. Ra7+ Ke6 42. Ng5+ Kxd6 43. Nxf3 Nd4+ 44. Nxd4 Bxd4 45. Rf7 c5 46. a4
Re8 47. Kd3 Re6 48. Rf4 Kd5 49. Rf7 Rf6 50. Rd7+ Rd6 51. Rf7 Bf6 52. Rc7 Bxh4
53. f4 Bg3 54. f5 gxf5 55. Rh7 Kc6+ 56. Kc3 h4 57. Kc2 f4 58. a5 Be1 59. a6 f3
60. a7 Rd2+ 61. Kb1 Rd8 62. Rh6+ Kd5 63. Rh7 Ra8 64. Rh5+ Ke6 65. Rh6+ Kf5 66.
Rh7 Kg6 67. Rc7 f2 68. Rc6+ Kf7 69. Rc7+ Kg8 70. Rb7 f1=Q 71. Rb8+ Kg7 72. Rb7+
Qf7 73. Rxf7+ Kxf7 74. Kc2 h3 75. Kd3 h2 76. Kc4 Bf2 77. Kd3 h1=Q 78. Kc2 Qe4+
79. Kc1 Rxa7 80. Kb2 Bd4+ 81. Kc1 Ra1+ 82. Kd2 Qe3+ 83. Kc2 Rc1# 0-1

[Event "?"]
[Site "gics rated blitz game, gics, "]
[Date "1997.??.??"]
[Round "?"]
[White "Brause"]
[Black "Lichtzahn"]
[Result "0-1"]
[WhiteElo "2320"]
[BlackElo "2555"]
[PlyCount "102"]

1. e4 e5 2. Nf3 Nc6 3. Nc3 Nf6 4. Nxe5 Nxe5 5. d4 Ng6 6. e5 Ng8 7. Bc4 c6 8.
Qf3 d5 9. exd6 Be6 10. Bxe6 fxe6 11. Ne4 Qa5+ 12. Bd2 Qf5 13. h4 h5 14. c4 Qxf3
15. gxf3 Nh6 16. Bxh6 Rxh6 17. c5 Nf4 18. O-O-O O-O-O 19. Kc2 Kd7 20. Rde1 Re8
21. Re3 Rg6 22. Ree1 e5 23. dxe5 Rxe5 24. Re3 Ne6 25. b4 a5 26. a3 Rg2 27. Kd2
b6 28. cxb6 axb4 29. axb4 Rb5 30. Ra1 Rd5+ 31. Rd3 Rxd3+ 32. Kxd3 Nf4+ 33. Kd4
Bxd6 34. Ra7+ Ke6 35. Ng5+ Rxg5 36. hxg5 Nh3 37. g6 Nxf2 38. Rxg7 Be5+ 39. Ke3
Bxg7 40. Kxf2 Bd4+ 41. Kg3 Kf6 42. b7 Ba7 43. f4 Kxg6 44. Kh4 Bb8 45. f5+ Kxf5
46. Kxh5 Ke5 47. Kg6 Kd6 48. Kf5 Kc7 49. Ke4 Kxb7 50. Kd4 Kb6 51. Kc4 Bd6 0-1

[Event "?"]
[Site "gics rated blitz game, gics, "]
[Date "1997.??.??"]
[Round "?"]
[White "Brause"]
[Black "Lichtzahn"]
[Result "1-0"]
[WhiteElo "2315"]
[BlackElo "2560"]
[PlyCount "111"]

1. e4 e5 2. Nf3 Nc6 3. Nc3 Nf6 4. Nxe5 Nxe5 5. d4 Ng6 6. e5 Ng8 7. Bc4 c6 8.
Qf3 d5 9. exd6 Be6 10. Bxe6 fxe6 11. Ne4 Qa5+ 12. Bd2 Qf5 13. h4 h5 14. c4 Qxf3
15. gxf3 Nh6 16. Bxh6 Rxh6 17. c5 Nf4 18. O-O-O O-O-O 19. Kc2 Kd7 20. Rde1 Re8
21. Re3 Rg6 22. Ree1 e5 23. dxe5 Rxe5 24. Re3 Ne6 25. b4 a5 26. a3 Rg2 27. Kd2
b6 28. cxb6 axb4 29. axb4 Rb5 30. Ra1 Rd5+ 31. Rd3 Rxd3+ 32. Kxd3 Nf4+ 33. Kd4
Bxd6 34. Ra7+ Ke6 35. Ng5+ Rxg5 36. hxg5 Nh3 37. g6 Nxf2 38. Kc4 Kf6 39. Rc7
Nd1 40. Rxc6 Ke7 41. b7 Bg3 42. Rc8 Ne3+ 43. Kc5 Bd6+ 44. Kc6 Bg3 45. Rc7+ Bxc7
46. Kxc7 Nd5+ 47. Kc6 Ke6 48. b8=Q Ne7+ 49. Kc5 Nxg6 50. Qe8+ Kf6 51. b5 Nf4
52. b6 g5 53. b7 Ne6+ 54. Kd6 Ng7 55. Qe5+ Kg6 56. b8=Q 1-0

[Event "?"]
[Site "gics rated blitz game, gics, "]
[Date "1997.??.??"]
[Round "?"]
[White "Brause"]
[Black "Lichtzahn"]
[Result "0-1"]
[WhiteElo "2330"]
[BlackElo "2545"]
[PlyCount "156"]

1. e4 e5 2. Nf3 Nc6 3. Nc3 Nf6 4. Nxe5 Nxe5 5. d4 Ng6 6. e5 Ng8 7. Bc4 c6 8.
Qf3 d5 9. exd6 Be6 10. Bxe6 fxe6 11. Ne4 Qa5+ 12. Bd2 Qf5 13. h4 h5 14. c4 Qxf3
15. gxf3 Nh6 16. Bxh6 Rxh6 17. c5 Nf4 18. O-O-O O-O-O 19. Kd2 Kd7 20. Rdg1 Re8
21. Rg5 Rb8 22. Re1 b6 23. b3 Rd8 24. Ng3 g6 25. Ne2 Nxe2 26. Rxe2 Bg7 27. Re4
Rf8 28. Rg3 Rf5 29. b4 Bf6 30. Ke3 Rd5 31. Rg1 a5 32. a3 g5 33. hxg5 Bxg5+ 34.
f4 Bf6 35. Rg8 axb4 36. axb4 Rh8 37. Rg6 Rf8 38. f3 h4 39. Rh6 Rf7 40. Kd3 Rf5
41. Kc4 Bd8 42. Kd3 bxc5 43. dxc5 Rxf4 44. Rxf4 Rxf4 45. Rh7+ Kc8 46. Kc3 Rxf3+
47. Kd4 Bf6+ 48. Ke4 Rb3 49. Rc7+ Kb8 50. b5 Rxb5 51. Rf7 Rb4+ 52. Kd3 Be5 53.
Ke2 Rd4 54. Rf8+ Kb7 55. Re8 Rd5 56. Re7+ Kc8 57. Rxe6 h3 58. Re8+ Kb7 59. Re7+
Ka6 60. Kf3 h2 61. Rh7 Kb5 62. Ke4 Kxc5 63. d7 Rxd7 64. Rxd7 h1=Q+ 65. Kxe5
Qh8+ 66. Ke6 Qe8+ 67. Re7 Qxe7+ 68. Kxe7 Kd4 69. Kf7 c5 70. Kg8 c4 71. Kh8 c3
72. Kg8 c2 73. Kf7 Ke5 74. Ke7 c1=Q 75. Kd7 Qc5 76. Ke8 Qc7 77. Kf8 Kf6 78. Kg8
Qg7# 0-1

[Event "?"]
[Site "gics rated blitz game, gics, "]
[Date "1997.??.??"]
[Round "?"]
[White "Brause"]
[Black "XFile"]
[Result "1-0"]
[WhiteElo "2325"]
[BlackElo "2720"]
[PlyCount "31"]

1. e4 e5 2. Nf3 Nc6 3. Nc3 Nf6 4. Nxe5 Nxe5 5. d4 Nc6 6. d5 Nb4 7. a3 Na6 8. e5
Ng8 9. Qf3 d6 10. Bb5+ Bd7 11. e6 fxe6 12. dxe6 Qe7 13. Bxd7+ Kd8 14. Nd5 Qxd7
15. Bg5+ Kc8 16. Qxf8+ 1-0

[Event "?"]
[Site "gics rated blitz game, gics, "]
[Date "1997.??.??"]
[Round "?"]
[White "Brause"]
[Black "XFile"]
[Result "1-0"]
[WhiteElo "2325"]
[BlackElo "2720"]
[PlyCount "51"]

1. e4 e5 2. Nf3 Nc6 3. Nc3 Nf6 4. Nxe5 Nxe5 5. d4 Nc6 6. d5 Ne5 7. f4 Ng6 8. e5
Ng8 9. d6 cxd6 10. exd6 Qb6 11. Qe2+ Kd8 12. f5 Nh4 13. Qg4 Nxf5 14. Qxf5 Qxd6
15. Qxf7 Nf6 16. Be2 b6 17. O-O Qc5+ 18. Kh1 Bb7 19. Rxf6 gxf6 20. Qxf6+ Kc7
21. Bf4+ Kc8 22. Qxh8 Bxg2+ 23. Kxg2 Qc6+ 24. Bf3 Qg6+ 25. Bg3 Rb8 26. Qxf8+
1-0

[Event "?"]
[Site "gics rated blitz game, gics, "]
[Date "1997.??.??"]
[Round "?"]
[White "Brause"]
[Black "XFile"]
[Result "1-0"]
[WhiteElo "2325"]
[BlackElo "2720"]
[PlyCount "24"]

1. e4 e5 2. Nf3 Nf6 3. Nc3 Nc6 4. Nxe5 Nxe5 5. d4 Bb4 6. dxe5 Nxe4 7. Qg4 Bxc3+
8. bxc3 Nxc3 9. Qxg7 Rf8 10. Bg5 f6 11. Bxf6 Rxf6 12. exf6 d5 1-0

[Event "?"]
[Site "gics rated blitz game, gics, "]
[Date "1997.??.??"]
[Round "?"]
[White "Brause"]
[Black "struppi"]
[Result "1-0"]
[WhiteElo "2325"]
[BlackElo "2310"]
[PlyCount "55"]

1. e4 e5 2. Nf3 Nc6 3. Nc3 Nf6 4. Nxe5 Nxe5 5. d4 Ng6 6. e5 Ng8 7. Bc4 d6 8.
Qf3 f6 9. O-O dxe5 10. dxe5 Nxe5 11. Qe4 Ne7 12. Rd1 Bd7 13. Be6 Qc8 14. Rxd7
Nxd7 15. Be3 Nc6 16. Rd1 Bd6 17. Nb5 Ke7 18. Bf5+ Kf8 19. Nxd6 cxd6 20. Rxd6
Qe8 21. Rxd7 Qxe4 22. Bxe4 Rb8 23. Bc5+ Ke8 24. Rxg7 a6 25. Bxh7 b6 26. Bg6+
Kd8 27. Bd6 Ra8 28. Bc7+ 1-0

[Event "?"]
[Site "gics rated blitz game, gics, "]
[Date "1997.??.??"]
[Round "?"]
[White "Brause"]
[Black "struppi"]
[Result "1-0"]
[WhiteElo "2335"]
[BlackElo "2305"]
[PlyCount "53"]

1. e4 e5 2. Nf3 Nc6 3. Nc3 Nf6 4. Nxe5 Nxe5 5. d4 Ng6 6. e5 Ng8 7. Bc4 d6 8.
Qf3 f6 9. O-O dxe5 10. dxe5 Nxe5 11. Qe4 Ne7 12. Rd1 Bd7 13. Be6 Qc8 14. Rxd7
Nxd7 15. Be3 Nc6 16. Rd1 Bd6 17. Nb5 Ke7 18. Bf5+ Nce5 19. f4 Nc5 20. Bxc5
Bxc5+ 21. Kf1 Qg8 22. fxe5 Rd8 23. Rd6 Re8 24. Re6+ Qxe6 25. Bxe6 fxe5 26. Nxc7
Ref8+ 27. Bf5 1-0

[Event "?"]
[Site "gics rated blitz game, gics, "]
[Date "1997.??.??"]
[Round "?"]
[White "Brause"]
[Black "struppi"]
[Result "0-1"]
[WhiteElo "2340"]
[BlackElo "2300"]
[PlyCount "176"]

1. e4 e5 2. Nf3 Nc6 3. Nc3 Nf6 4. Nxe5 Nxe5 5. d4 Ng6 6. e5 Ng8 7. Bc4 d6 8.
Qf3 f6 9. O-O dxe5 10. dxe5 Nxe5 11. Qe4 Ne7 12. Rd1 Bd7 13. Be6 c6 14. Bf4 Qa5
15. b4 Qa3 16. Bxd7+ Nxd7 17. Qe6 Nc5 18. bxc5 Qxc3 19. Bd6 f5 20. Re1 Qf6 21.
Qxf6 gxf6 22. Rab1 b5 23. cxb6 axb6 24. Rxb6 Rg8 25. Rb7 Rg7 26. a3 Kd8 27.
Reb1 Rg4 28. f4 Rg7 29. Rb8+ Rxb8 30. Rxb8+ Kd7 31. Rxf8 Kxd6 32. Rxf6+ Kc5 33.
g3 Kd4 34. a4 Kc4 35. Rd6 Kb4 36. Rd4+ Ka5 37. Kf2 Nd5 38. Rc4 Rc7 39. h3 c5
40. g4 Nb6 41. Rc3 Nxa4 42. Rb3 Rf7 43. Kf3 c4 44. Rb8 Nc3 45. Re8 Kb4 46. Rb8+
Kc5 47. gxf5 Nb5 48. Ke3 Rxf5 49. Rg8 Rh5 50. Rg3 Nd4 51. Kd2 Rh4 52. Rg5+ Kd6
53. Kc3 Ne6 54. Ra5 Nxf4 55. Kxc4 Ne6+ 56. Kc3 Rxh3+ 57. Kc4 Rh4+ 58. Kc3 Rh2
59. Ra6+ Kd5 60. Ra5+ Nc5 61. Ra8 h5 62. Rd8+ Ke5 63. Re8+ Ne6 64. Kb3 h4 65.
c3 h3 66. Rh8 Nf4 67. Re8+ Kf5 68. Re1 Re2 69. Ra1 h2 70. Kc4 Kg4 71. Rd1 Kg3
72. Kd4 Kg2 73. Rb1 h1=Q 74. Rxh1 Kxh1 75. c4 Kg2 76. Kc3 Kf3 77. Kd4 Rd2+ 78.
Kc3 Ke3 79. Kb4 Kd4 80. Kb5 Rc2 81. Kc6 Rxc4+ 82. Kd6 Rc5 83. Kd7 Ke5 84. Ke7
Rc7+ 85. Kf8 Ke6 86. Kg8 Kf6 87. Kh8 Kg6 88. Kg8 Rc8# 0-1

[Event "?"]
[Site "gics rated blitz game, gics, "]
[Date "1997.??.??"]
[Round "?"]
[White "Brause"]
[Black "struppi"]
[Result "1-0"]
[WhiteElo "2330"]
[BlackElo "2305"]
[PlyCount "55"]

1. e4 e5 2. Nf3 Nc6 3. Nc3 Nf6 4. Nxe5 Nxe5 5. d4 Ng6 6. e5 Ng8 7. Bc4 d6 8.
Qf3 f6 9. O-O dxe5 10. dxe5 Nxe5 11. Qe4 Ne7 12. Rd1 Bd7 13. Be6 c6 14. Bxd7+
Nxd7 15. Qe6 f5 16. Bg5 Qc8 17. Bxe7 Bxe7 18. Re1 Qd8 19. Qxf5 g6 20. Qe6 Nb6
21. Qe5 Rf8 22. Rad1 Nd7 23. Qg7 Rf7 24. Qg8+ Rf8 25. Qxh7 Rf7 26. Qg8+ Rf8 27.
Qxg6+ Rf7 28. Rd3 1-0

[Event "?"]
[Site "gics rated blitz game, gics, "]
[Date "1997.??.??"]
[Round "?"]
[White "Brause"]
[Black "struppi"]
[Result "1-0"]
[WhiteElo "2340"]
[BlackElo "2300"]
[PlyCount "75"]

1. e4 e5 2. Nf3 Nc6 3. Nc3 Nf6 4. Nxe5 Nxe5 5. d4 Ng6 6. e5 Ng8 7. Bc4 d6 8.
Qf3 f6 9. O-O dxe5 10. dxe5 Nxe5 11. Qe4 Ne7 12. Rd1 Bd7 13. Be6 c6 14. Bxd7+
Nxd7 15. Qe6 f5 16. Bf4 Qc8 17. Re1 Nf6 18. Qb3 a6 19. Rad1 Nh5 20. Bd6 b5 21.
Qa3 Qb7 22. Qc5 Nf6 23. Qxf5 Rd8 24. Rd3 b4 25. Na4 Nfd5 26. Nc5 Qa7 27. Qe6
Nf4 28. Bxf4 Qxc5 29. Rxd8+ Kxd8 30. Rd1+ Nd5 31. Be3 Qb5 32. Rxd5+ cxd5 33.
Bb6+ Qxb6 34. Qxb6+ Kd7 35. Qxa6 Be7 36. Qa7+ Ke6 37. Qe3+ Kf7 38. Qf3+ 1-0

[Event "?"]
[Site "gics rated blitz game, gics, "]
[Date "1997.??.??"]
[Round "?"]
[White "Brause"]
[Black "OliPow"]
[Result "1-0"]
[WhiteElo "2350"]
[BlackElo "2030"]
[PlyCount "56"]

1. e4 e5 2. Nf3 Nc6 3. Nc3 Nf6 4. Nxe5 Nxe5 5. d4 Ng6 6. e5 Qe7 7. f4 d6 8. Be2
Nd7 9. O-O dxe5 10. fxe5 c6 11. Ne4 f6 12. Nd6+ Kd8 13. Bd3 Kc7 14. Bxg6 hxg6
15. exf6 gxf6 16. Bf4 Kb6 17. Qd3 a5 18. Qxg6 a4 19. Qf5 Qd8 20. Rae1 Bxd6 21.
Bxd6 Ra5 22. Qf4 f5 23. c4 Rh5 24. Rc1 c5 25. dxc5+ Nxc5 26. Rcd1 Ne6 27. Qf2+
Ka6 28. Bb8 Qb6 1-0

[Event "?"]
[Site "gics rated blitz game, gics, "]
[Date "1997.??.??"]
[Round "?"]
[White "Brause"]
[Black "Lichtzahn"]
[Result "1/2-1/2"]
[WhiteElo "2325"]
[BlackElo "2550"]
[PlyCount "170"]

1. e4 e5 2. Nf3 Nc6 3. Nc3 Nf6 4. Nxe5 Nxe5 5. d4 Ng6 6. e5 Ng8 7. Bc4 c6 8.
Qf3 d5 9. exd6 Be6 10. Bxe6 fxe6 11. Ne4 Qa5+ 12. Bd2 Qf5 13. h4 h5 14. c4 Qxf3
15. gxf3 Nh6 16. Bxh6 Rxh6 17. c5 Nf4 18. O-O-O O-O-O 19. Kb1 Kd7 20. Rhg1 Re8
21. Rg5 Ng6 22. Rh1 Rd8 23. Nd2 b6 24. Nc4 Ke8 25. Ne5 Nxe5 26. dxe5 Rd7 27.
cxb6 axb6 28. Rc1 c5 29. Rc3 Rb7 30. Rb3 g6 31. Rg1 Kd7 32. Ra3 b5 33. f4 c4
34. Rag3 Kd8 35. Rxg6 Rf7 36. R6g3 Rxf4 37. Ra3 Rh8 38. Ra8+ Kd7 39. Rd1 Rxf2
40. Ra7+ Kc6 41. Rc7+ Kb6 42. Rc8 Rh7 43. d7 Be7 44. Rd6+ Kb7 45. d8=Q Bxd8 46.
Rcxd8 Re2 47. a4 bxa4 48. Rxe6 c3 49. bxc3 Rg7 50. Rd1 Rgg2 51. Rd7+ Kc8 52.
Red6 Re1+ 53. Rd1 Rge2 54. R7d5 Rxd1+ 55. Rxd1 Rxe5 56. Rd4 Ra5 57. Ka2 Kb7 58.
Ka3 Rc5 59. Kb4 Rc8 60. Rd2 Rc6 61. Ra2 Rb6+ 62. Kxa4 Kc6 63. Rd2 Kc5 64. Rd4
Rg6 65. Kb3 Rg4 66. Rb4 Kc6 67. Ka4 Kc5 68. Ka5 Rg8 69. Rb5+ Kc4 70. Rxh5 Kxc3
71. Rg5 Rh8 72. h5 Kd4 73. Kb5 Ke4 74. Rg4+ Kf3 75. Rh4 Kg3 76. Rh1 Kg4 77. h6
Kg5 78. h7 Kg6 79. Rg1+ Kxh7 80. Kc4 Rc8+ 81. Kd4 Rd8+ 82. Ke5 Re8+ 83. Kf5
Rf8+ 84. Ke6 Rd8 85. Rg4 Rd3 1/2-1/2

[Event "?"]
[Site "gics rated blitz game, gics, "]
[Date "1997.??.??"]
[Round "?"]
[White "Brause"]
[Black "Lichtzahn"]
[Result "0-1"]
[WhiteElo "2370"]
[BlackElo "2545"]
[PlyCount "148"]

1. e4 e5 2. Nf3 Nc6 3. Nc3 Nf6 4. Nxe5 Nxe5 5. d4 Ng6 6. e5 Ng8 7. Bc4 c6 8.
Qf3 d5 9. exd6 Be6 10. Bxe6 fxe6 11. Ne4 Qa5+ 12. Bd2 Qf5 13. h4 h5 14. c4 Qxf3
15. gxf3 Nh6 16. Bxh6 Rxh6 17. O-O-O O-O-O 18. c5 Nf4 19. Kb1 Kd7 20. Rhe1 Rg6
21. Rh1 Re8 22. Rdg1 Rh6 23. Rg5 Rd8 24. a3 g6 25. Nf6+ Kc8 26. Re5 Bg7 27. Re4
Nd5 28. d7+ Kb8 29. Ne8 Rxd7 30. Nxg7 Rxg7 31. Rxe6 Rf7 32. Rh3 Rh8 33. Rg3 Rf4
34. Rexg6 a5 35. Rg7 Rxd4 36. Rf7 Ka7 37. Rg6 Ka6 38. Rgg7 Rb8 39. f4 Nxf4 40.
Rh7 a4 41. Kc2 b6 42. Rh6 bxc5 43. Rxc6+ Kb5 44. Rh6 Re8 45. Rb7+ Kc4 46. Ra6
Re2+ 47. Kb1 Kd3 48. Rc6 Re1+ 49. Ka2 Ne2 50. Rxc5 Nc1+ 51. Rxc1 Rxc1 52. Re7
Rxh4 53. Rd7+ Ke2 54. Ra7 Rd1 55. f3 Kxf3 56. Ra5 Rd2 57. Rf5+ Ke3 58. Re5+ Kd4
59. Ra5 Rhh2 60. Ka1 h4 61. Rxa4+ Kd3 62. Rb4 Rxb2 63. Rxh4 Rxh4 64. Kxb2 Rh5
65. Kb3 Rb5+ 66. Ka4 Rb2 67. Ka5 Kd4 68. Ka6 Kc5 69. Ka7 Kc6 70. Ka6 Rd2 71. a4
Rd5 72. Ka7 Ra5+ 73. Kb8 Rxa4 74. Kc8 Ra8# 0-1